MARC details
| 000 -LEADER |
| fixed length control field |
03519cam a2200577 a 4500 |
| 001 - CONTROL NUMBER |
| control field |
219566933 |
| 003 - CONTROL NUMBER IDENTIFIER |
| control field |
OCoLC |
| 005 - DATE AND TIME OF LATEST TRANSACTION |
| control field |
20240319214119.0 |
| 008 - FIXED-LENGTH DATA ELEMENTS--GENERAL INFORMATION |
| fixed length control field |
080221s2008 txua b 000 1 eng |
| 010 ## - LIBRARY OF CONGRESS CONTROL NUMBER |
| LC control number |
2008007573 |
| 020 ## - INTERNATIONAL STANDARD BOOK NUMBER |
| International Standard Book Number |
9781558854987 |
| Qualifying information |
(alk. paper) |
| 020 ## - INTERNATIONAL STANDARD BOOK NUMBER |
| International Standard Book Number |
1558854983 |
| Qualifying information |
(alk. paper) |
| 035 ## - SYSTEM CONTROL NUMBER |
| System control number |
(OCoLC)219566933 |
| 037 ## - SOURCE OF ACQUISITION |
| Stock number |
1288844 |
| Source of stock number/acquisition |
QBI |
| 040 ## - CATALOGING SOURCE |
| Original cataloging agency |
DLC |
| Language of cataloging |
eng |
| Transcribing agency |
DLC |
| Modifying agency |
QBX |
| -- |
BAKER |
| -- |
BTCTA |
| -- |
DPL |
| -- |
EHH |
| -- |
IG# |
| -- |
YDXCP |
| -- |
LNQ |
| -- |
BDX |
| -- |
OCLCF |
| -- |
OCLCO |
| -- |
OCLCQ |
| -- |
OCLCO |
| -- |
DCB |
| -- |
RB0 |
| -- |
CHILD |
| -- |
QQ3 |
| 041 1# - LANGUAGE CODE |
| Language code of text/sound track or separate title |
eng |
| -- |
spa |
| Language code of original |
eng |
| 042 ## - AUTHENTICATION CODE |
| Authentication code |
lcac |
| 043 ## - GEOGRAPHIC AREA CODE |
| Geographic area code |
n-us-ny |
| 050 00 - LIBRARY OF CONGRESS CALL NUMBER |
| Classification number |
PZ73 |
| Item number |
.C362 2008 |
| 082 00 - DEWEY DECIMAL CLASSIFICATION NUMBER |
| Classification number |
[E] |
| Edition number |
22 |
| 100 1# - MAIN ENTRY--PERSONAL NAME |
| Personal name |
Caraballo, Samuel. |
| Authority record control number |
https://id.loc.gov/authorities/names/n2001027955. |
| 245 10 - TITLE STATEMENT |
| Title |
Estrellita en la ciudad grande / |
| Statement of responsibility, etc. |
por Samuel Caraballo ; ilustraciones de Pablo Torrecilla = |
| Remainder of title |
Estrellita in the big city / by Samuel Caraballo ; illustrated by Pablo Torrecilla. |
| 246 31 - VARYING FORM OF TITLE |
| Title proper/short title |
Estrellita in the big city. |
| 260 ## - PUBLICATION, DISTRIBUTION, ETC. (IMPRINT) |
| Place of publication, distribution, etc. |
Houston, Tex. : |
| Name of publisher, distributor, etc. |
Pinata Books, |
| Date of publication, distribution, etc. |
[2008] |
| 264 #1 - PRODUCTION, PUBLICATION, DISTRIBUTION, MANUFACTURE, AND COPYRIGHT NOTICE |
| Place of production, publication, distribution, manufacture |
Houston, Tex. : |
| Name of producer, publisher, distributor, manufacturer |
Pinata Books, |
| Date of production, publication, distribution, manufacture, or copyright notice |
[2008] |
| 264 #4 - PRODUCTION, PUBLICATION, DISTRIBUTION, MANUFACTURE, AND COPYRIGHT NOTICE |
| Date of production, publication, distribution, manufacture, or copyright notice |
c2008. |
| 300 ## - PHYSICAL DESCRIPTION |
| Extent |
1 volume (unpaged) : |
| Other physical details |
color illustrations ; |
| Dimensions |
23 x 29 cm. |
| 336 ## - CONTENT TYPE |
| Content type term |
text |
| Content type code |
txt |
| Source |
rdacontent. |
| 337 ## - MEDIA TYPE |
| Media type term |
unmediated |
| Media type code |
n |
| Source |
rdamedia. |
| 338 ## - CARRIER TYPE |
| Carrier type term |
volume |
| Carrier type code |
nc |
| Source |
rdacarrier. |
| 520 ## - SUMMARY, ETC. |
| Summary, etc. |
Relates, in Spanish and English, a telephone conversation in which young Estrellita, who has recently moved to Brooklyn, New York, tells her grandmother, who still lives in Puerto Rico, all about her adventures in and near Manhattan. |
| 526 8# - STUDY PROGRAM INFORMATION NOTE |
| Program name |
Accelerated Reader AR |
| Interest level |
LG |
| Reading level |
4.2 |
| Title point value |
0.5 |
| Public note |
123864. |
| 546 ## - LANGUAGE NOTE |
| Language note |
Text in English and Spanish. |
| 650 #0 - SUBJECT ADDED ENTRY--TOPICAL TERM |
| Topical term or geographic name as entry element |
Immigrants |
| Geographic subdivision |
New York (State) |
| -- |
New York |
| Authority record control number |
https://id.loc.gov/authorities/subjects/sh2008123059 |
| Form subdivision |
Fiction. |
| Authority record control number |
https://id.loc.gov/authorities/subjects/sh99001562. |
| 650 #0 - SUBJECT ADDED ENTRY--TOPICAL TERM |
| Topical term or geographic name as entry element |
Puerto Ricans |
| Geographic subdivision |
New York (State) |
| -- |
New York |
| Authority record control number |
https://id.loc.gov/authorities/subjects/sh2010109141 |
| Form subdivision |
Fiction. |
| Authority record control number |
https://id.loc.gov/authorities/subjects/sh99001562. |
| 650 #0 - SUBJECT ADDED ENTRY--TOPICAL TERM |
| Topical term or geographic name as entry element |
Grandmothers |
| Authority record control number |
https://id.loc.gov/authorities/subjects/sh85056408 |
| Geographic subdivision |
New York (State) |
| -- |
New York |
| Authority record control number |
https://id.loc.gov/authorities/names/n79007751-781 |
| Form subdivision |
Fiction. |
| Authority record control number |
https://id.loc.gov/authorities/subjects/sh99001562. |
| 650 #0 - SUBJECT ADDED ENTRY--TOPICAL TERM |
| Topical term or geographic name as entry element |
Puerto Ricans |
| Authority record control number |
https://id.loc.gov/authorities/subjects/sh85108935 |
| Geographic subdivision |
New York (State) |
| Authority record control number |
https://id.loc.gov/authorities/names/n80126293-781 |
| Form subdivision |
Fiction. |
| Authority record control number |
https://id.loc.gov/authorities/subjects/sh99001562. |
| 650 #0 - SUBJECT ADDED ENTRY--TOPICAL TERM |
| Topical term or geographic name as entry element |
Bilingual books |
| General subdivision |
Spanish-English. |
| 650 #0 - SUBJECT ADDED ENTRY--TOPICAL TERM |
| Topical term or geographic name as entry element |
Grandmothers |
| Form subdivision |
Fiction. |
| Authority record control number |
https://id.loc.gov/authorities/subjects/sh2008105065. |
| 650 #0 - SUBJECT ADDED ENTRY--TOPICAL TERM |
| Topical term or geographic name as entry element |
Immigrants |
| Authority record control number |
https://id.loc.gov/authorities/subjects/sh85064517 |
| Geographic subdivision |
New York (State) |
| Authority record control number |
https://id.loc.gov/authorities/names/n80126293-781 |
| Form subdivision |
Fiction. |
| Authority record control number |
https://id.loc.gov/authorities/subjects/sh99001562. |
| 650 #0 - SUBJECT ADDED ENTRY--TOPICAL TERM |
| Topical term or geographic name as entry element |
Puerto Ricans |
| Authority record control number |
https://id.loc.gov/authorities/subjects/sh85108935 |
| Form subdivision |
Fiction. |
| Authority record control number |
https://id.loc.gov/authorities/subjects/sh99001562. |
| 650 #0 - SUBJECT ADDED ENTRY--TOPICAL TERM |
| Topical term or geographic name as entry element |
Immigrants |
| Form subdivision |
Fiction. |
| Authority record control number |
https://id.loc.gov/authorities/subjects/sh2008104248. |
| 651 #0 - SUBJECT ADDED ENTRY--GEOGRAPHIC NAME |
| Geographic name |
New York (N.Y.) |
| Form subdivision |
Fiction. |
| Authority record control number |
https://id.loc.gov/authorities/subjects/sh2008108377. |
| 655 #7 - INDEX TERM--GENRE/FORM |
| Genre/form data or focus term |
Fiction. |
| Source of term |
fast |
| Authority record control number |
(OCoLC)fst01423787. |
| 655 #7 - INDEX TERM--GENRE/FORM |
| Genre/form data or focus term |
Materiales en espa©łol |
| General subdivision |
Biling©ơe. |
| Source of term |
qlsp. |
| 655 #4 - INDEX TERM--GENRE/FORM |
| Genre/form data or focus term |
Spanish language materials. |
| 655 #1 - INDEX TERM--GENRE/FORM |
| Genre/form data or focus term |
Spanish language materials |
| General subdivision |
Bilingual. |
| 655 #7 - INDEX TERM--GENRE/FORM |
| Genre/form data or focus term |
Fiction. |
| Source of term |
lcgft |
| Authority record control number |
https://id.loc.gov/authorities/genreForms/gf2014026339. |
| 700 1# - ADDED ENTRY--PERSONAL NAME |
| Personal name |
Torrecilla, Pablo, |
| Authority record control number |
https://id.loc.gov/authorities/names/n92095311 |
| Relator term |
illustrator. |
| 942 ## - ADDED ENTRY ELEMENTS (KOHA) |
| Koha item type |
Libro/Book |
| Source of classification or shelving scheme |
Dewey Decimal Classification |